Engineering for potatoes /

Bibliographic Details
Corporate Authors: Michigan State University, American Society of Agricultural Engineers
Other Authors: Cargill, Burton F.
Format: Book
Language:English
Published: [East Lansing, Mich.?] : St. Joseph, MI : Michigan State University ; American Society of Agricultural Engineers, [1986]
Subjects:

MARC

Tag First Indicator Second Indicator Subfields
LEADER 00000cam a2200000 a 4500
001 in00000010214
005 20151006080020.0
008 870901s1986 miuab b s10000 eng
010 |a  86071269  
020 |a 0916150798 (pbk.) 
035 |a (OCoLC)15042412 
035 |9 AAA2414AM 
040 |a DLC  |c DLC  |d TXA  |d UtOrBLW 
049 |a TXAM  |c [A11027143] 
050 0 0 |a SB211.P8  |b E53 1986 
082 0 |a 635/.215  |2 19 
245 0 0 |a Engineering for potatoes /  |c B.F. (Burt) Cargill. 
264 1 |a [East Lansing, Mich.?] :  |b Michigan State University ;  |a St. Joseph, MI :  |b American Society of Agricultural Engineers,  |c [1986] 
264 4 |c ©1986 
300 |a viii, 644 pages :  |b illustrations, map ;  |c 23 cm. 
336 |a text  |b txt  |2 rdacontent 
337 |a unmediated  |b n  |2 rdamedia 
338 |a volume  |b nc  |2 rdacarrier 
504 |a Includes bibliographies. 
650 0 |a Potatoes  |x Postharvest technology  |x Congresses. 
650 0 |a Potatoes  |x Machinery  |x Congresses. 
650 0 |a Potatoes  |x Physiology  |x Congresses. 
650 0 |a Agricultural engineering  |v Congresses. 
700 1 |a Cargill, Burton F. 
710 2 |a Michigan State University. 
710 2 |a American Society of Agricultural Engineers. 
999 |a MARS 
999 f f |s e366d02f-2b1b-3762-bdab-36327d7f0c49  |i 48149fa0-de51-366c-9d81-f0c7c4b5eb06  |t 0 
952 f f |p ric  |a Texas A&M University  |b Rellis Campus  |c Joint Library Facility  |d Remote Storage  |t 0  |e SB211.P8 E53 1986  |h Library of Congress classification  |i unmediated -- volume  |m A14811027143 
998 f f |a SB211.P8 E53 1986  |t 0  |l Remote Storage